El valle de Alcudia (Record no. 70938)

MARC details
000 -LEADER
campo de control de longitud fija 00681nam a2200181 i 4500
001 - NÚMERO DE CONTROL
campo de control 70938
003 - IDENTIFICADOR DE NÚMERO DE CONTROL
campo de control ES-MaACL
005 - FECHA Y HORA DE LA ÚLTIMA TRANSACCIÓN
campo de control 20250923160853.0
007 - CAMPO FIJO DE DESCRIPCIÓN FÍSICA--INFORMACIÓN GENERAL
campo de control de longitud fija t|
008 - DATOS DE LONGITUD FIJA--INFORMACIÓN GENERAL
campo de control de longitud fija 040804s1978 sp ||||1| spa d
100 1# - ENTRADA PRINCIPAL--NOMBRE DE PERSONA
Nombre de persona Gascón Bueno, Francisco.
9 (RLIN) 55859
245 13 - MENCIÓN DEL TÍTULO
Título El valle de Alcudia
Resto del título : un ejemplo típico de economía agropecuaria en la España del siglo XVIII /
Mención de responsabilidad, etc. Francisco Gascón Bueno ; prólogo de Antonio Rumeu de Armas.
260 ## - PUBLICACIÓN, DISTRIBUCIÓN, ETC.
Lugar de publicación, distribución, etc. [Ciudad Real :
Nombre del editor, distribuidor, etc. s.n.,
Fecha de publicación, distribución, etc. 1978] (
Fabricante Gráf. Castellana)
300 ## - DESCRIPCIÓN FÍSICA
Extensión XVI, 609 p. ;
Dimensiones 25 cm +
Material acompañante/anejo 10 map. pleg.
700 1# - ENTRADA AGREGADA--NOMBRE PERSONAL
Nombre de persona Rumeu de Armas, Antonio,
Fechas asociadas al nombre 1912-2006
9 (RLIN) 100991
852 ## - LOCALIZACIÓN
Ubicación ES-MaACL
Número de control de estantería A-9422
Sublocalización o colección R.98789
Holdings
Estatus retirado Estado de pérdida Estado de daño No para préstamo Biblioteca de origen Biblioteca actual Ubicación en estantería Fecha de adquisición Fuente de adquisición Total de préstamos Signatura topográfica completa Código de barras Visto por última vez Precio de reemplazo Tipo de ítem Koha
        Biblioteca del Ateneo de Madrid Biblioteca del Ateneo de Madrid Depósito 1 17/01/2008     A-9422 1074285 23/02/2023 23/02/2023 Libro impreso